Pascua militar
Publicado:
San Jorge, núm. 77 (1r trimestre 1970), pàg 70 :
MARC
| LEADER | 00000nam a2200000Ia 4500 | ||
|---|---|---|---|
| 001 | |||
| 008 | 160829s9999 xx 000 0 cat d | ||
| 245 | |a Pascua militar | ||
| 260 | |a San Jorge, núm. 77 (1r trimestre 1970), pàg 70 | ||
| 600 | 0 | |a Muller i d'Abadal, Josep M., |d 1919-1981 |9 28922 | |
| 650 | |a Pérez Viñeta, Alfonso |9 21475 | ||
| 650 | |a Militars |x Aspectes socials |9 20298 | ||
| 901 | |a Arxiu | ||
| 942 | |n 1 | ||
| 952 | |0 0 |1 0 |4 0 |7 1 |9 49812 |a Arxiu |b Arxiu |d 2016-12-01 |l 0 |r 2016-12-01 00:00:00 |w 2016-12-01 |y ARXIU | ||
| 999 | |c 53654 |d 53654 | ||